[Event "World Junior U20 Open 2018"]
[Site "Gebze"]
[Date "2018.09.07"]
[Round "4.11"]
[White "Makhnev, Denis"]
[Black "Santos Ruiz, Miguel"]
[Result "1/2-1/2"]
[WhiteElo "2449"]
[BlackElo "2524"]
[Annotator "TA"]
[PlyCount "193"]
[EventDate "2018.09.05"]
[EventType "swiss"]
[EventCountry "TUR"]
[SourceTitle "playchess.com"]
[Source "ChessBase"]
[SourceQuality "1"]

{[%evp 9,192,-66,-80,-76,-19,-22,0,0,0,0,0,0,0,0,0,0,0,8,16,36,51,0,16,0,22,0,11,0,0,0,0,0,0,-31,0,-2,29,-24,6,0,14,21,7,0,26,17,26,35,38,-3,28,42,32,45,59,57,61,59,60,57,68,0,79,85,189,180,184,183,193,158,159,164,146,166,155,152,149,133,134,133,133,133,133,133,133,133,133,128,133,103,109,103,103,103,125,94,98,91,118,111,109,113,109,102,112,93,93,93,93,93,93,93,93,93,140,93,150,150,137,141,139,135,177,173,136,111,104,104,225,0,0,0,0,0,0,0,0,0,0,0,0,0,0,0,0,0,0,0,0,0,0,0,0,0,0,0,0,0,0,0,0,0,0,0,0,0,0,0,0,0,0,0,0,0,0,0,0,0,0,0,0,0,0,0,0]} 1. Nf3 d5 2. g3 Nd7 3. c4 (3. Bg2 e5 4. d3 Ngf6 5. O-O c6 6. c4 dxc4 7. dxc4 Be7 8. Nc3 O-O 9. Qc2 Qc7 10. Rd1 Re8 11. a3 a5 12. Rb1 h6 13. h3 Nb6 14. b3 a4 15. Nxa4 Nxa4 16. bxa4 e4 17. Bf4 Qa5 18. Nd2 Qxa4 19. Rb3 Bf5 {1-0 (50) Svidler,P (2760)-Morozevich,A (2665) Moscow 2018}) 3... dxc4 4. Na3 e5 5. Qc2 $146 ({Predecessor:} 5. Nxc4 e4 6. Nd4 Nb6 7. e3 Nf6 8. Bg2 Bc5 9. Nb3 Be7 10. Ne5 c5 {½-½ (46) Goganov,A (2635)-Riazantsev,A (2651) Novosibirsk 2016}) 5... Bxa3 $1 6. bxa3 {A07: Réti Opening: New York and Capablanca Systems} Ne7 (6... Nb6 $17) 7. Bb2 Nc6 8. Bg2 O-O 9. Qxc4 Nb6 10. Qc2 Re8 11. d3 Bg4 12. O-O Qd7 13. Rfe1 Nd5 14. Rac1 Rad8 15. Qc5 (15. Qb3 $14) 15... f6 16. Nd2 Bh3 17. Bh1 Nde7 18. Nb3 Qc8 19. Qc2 Be6 20. Nc5 Bf7 $1 21. a4 b6 {[#] aiming for ...Nb4.} 22. Ne4 Bd5 (22... Nb4 $5 {[%cal Rb4c2]} 23. Qxc7 Nxa2 $11) 23. a5 ({Better is} 23. Ba3) 23... Qa8 24. Bf3 {[%cal Bh1f3,Bf3h5,Bh5g4,Bg4f5][%mdl 32]} Kh8 25. Bh5 Rg8 26. Ba3 Rd7 (26... Nd4 $5 {[%cal Rd4c2]} 27. Qxc7 Nef5 $11) 27. Qa4 Rgd8 28. Nc3 Nxa5 29. Bg4 f5 (29... Bh1 $2 30. e4 $18) 30. Bxe7 Rxe7 31. Bxf5 {Black must now prevent Qh4.} Bg8 32. Qh4 Rf7 $1 {[%cal Rf7f5]} 33. Be6 Rff8 34. Bxg8 Kxg8 35. Ne4 $40 {[%mdl 128] White attacks.} (35. Qe7 $14) 35... Qc8 (35... Rd7 $1 $11 {remains equal.}) 36. Qe7 $16 c5 (36... Rf7 $16 {keeps fighting.} 37. Qxe5 Qd7) 37. Qxa7 $18 ({Resist} 37. Qxe5 $6 Nc6 $14) 37... Qc6 {[#]} 38. Rb1 $1 {[%cal Rb1b6]} Rb8 39. Qe7 Rfe8 40. Qd6 Qxd6 41. Nxd6 Red8 42. Nf5 b5 43. Rec1 c4 44. dxc4 bxc4 45. Rxb8 Rxb8 $16 {[%mdl 4096] Endgame KRN-KRN} 46. Rc2 Rb4 47. Ne3 Kf7 48. Kg2 Ke6 49. Kf3 Ra4 50. Nd1 Ra3+ 51. e3 Rd3 52. Ke2 Ra3 53. Nc3 Nc6 54. Nb5 Ra4 55. Rb2 Nb4 56. Nc3 Ra3 57. Rxb4 Rxc3 {KR-KR} 58. Kd2 Ra3 59. Rxc4 Rxa2+ 60. Ke1 Kf6 61. Kf1 Rb2 62. Kg2 Ra2 (62... h5 $142 63. h3 Rb6) 63. g4 h6 64. h4 Ra6 65. Kf3 Ra2 66. Rc6+ Kf7 67. g5 hxg5 68. hxg5 Rb2 (68... e4+ $16 {is a better defense.} 69. Kg3 (69. Kxe4 Rxf2 70. Ke5 Rg2 $16) 69... g6) 69. Ke4 $2 (69. e4 $18) 69... Rxf2 $11 {The position is equal.} 70. g6+ ({Much less strong is} 70. Kxe5 $6 Rg2 $16) 70... Ke7 71. Kxe5 Rg2 72. e4 Rg5+ 73. Kf4 Ra5 74. Ke3 Ra4 75. Rb6 Rc4 76. Ra6 Rb4 77. Kd3 {White wants to play Ke3.} Rb1 78. Kd4 Rb4+ 79. Ke5 Rb5+ 80. Kf4 Rc5 81. e5 {Strongly threatening Ra7+.} Rc1 82. Ra7+ Ke6 83. Rxg7 {Hoping for Rb7.} Rf1+ 84. Kg3 Rg1+ 85. Kf2 Rg5 86. Ra7 {Threatening g7.} (86. Rg8 {is more complex.} Kxe5 87. Ke3 Kf6 88. Kd4 Rxg6 89. Rxg6+ Kxg6 90. Ke5) 86... Rxg6 87. Ra6+ Kf5 88. Rxg6 Kxg6 {KP-K} 89. Ke3 Kf5 90. Kd4 $1 {[%cal Rd4d5] White wants to mate with Kd5.} Ke6 91. Ke4 Ke7 92. Kd5 Kd7 93. e6+ Ke7 94. Ke5 Ke8 95. Kd6 {Intending e7 and mate.} Kd8 96. e7+ Ke8 97. Ke6 $2 {[%mdl 8192] Precision: White = 73%, Black = 59%.} (97. Kd5 Kxe7) 1/2-1/2

[Event "World Junior U20 Open 2018"]
[Site "Gebze"]
[Date "2018.09.07"]
[Round "4.12"]
[White "Zou, Chen"]
[Black "Yakubboev, Nodirbek"]
[Result "1/2-1/2"]
[WhiteElo "2365"]
[BlackElo "2521"]
[Annotator "TA"]
[PlyCount "128"]
[EventDate "2018.09.05"]
[EventType "swiss"]
[EventCountry "TUR"]
[SourceTitle "playchess.com"]
[Source "ChessBase"]
[SourceQuality "1"]

{[%evp 39,128,31,38,17,34,32,41,-14,14,21,20,6,10,8,24,22,54,52,57,59,58,54,71,81,72,56,55,32,41,41,68,15,5,-23,-22,-27,-37,-54,-22,-18,-25,-40,5,0,14,0,0,0,0,-15,-12,-4,0,0,0,-13,0,0,0,0,0,0,0,0,0,0,0,-4,0,-58,0,0,0,0,0,0,0,0,0,0,0,0,0,0,0,0,0,0,0,0,0]} 1. e4 e5 2. Nf3 Nc6 3. Bb5 a6 4. Ba4 Nf6 5. O-O Be7 6. Re1 b5 7. Bb3 d6 8. c3 O-O 9. h3 Nb8 10. d4 Nbd7 11. Nbd2 Bb7 12. Bc2 Re8 13. Nf1 Bf8 14. Ng3 g6 15. a4 Bg7 16. Bd3 c6 {C95: Closed Ruy Lopez: Breyer Variation with 10 d4} (16... exd4 17. cxd4 c5 18. axb5 axb5 19. Rxa8 Bxa8 20. dxc5 Nxc5 21. Bxb5 Rf8 22. e5 dxe5 23. Qxd8 Rxd8 24. Nxe5 {½-½ (39) Hou,Y (2658)-Vitiugov,N (2734) Belokurikha 2018}) 17. Bg5 Qc7 18. Qd2 Nf8 19. b4 Ne6 20. Be3 Nd7 {LiveBook: 14 Games} 21. Rec1 Nb6 22. a5 Nd7 23. dxe5 ({White should try} 23. Bc2 $14) 23... Nxe5 24. Nxe5 dxe5 25. Bb6 $146 Qe7 26. Bf1 Bf8 27. Rab1 f6 28. Rd1 Qf7 29. Qe3 Bc8 30. Ne2 Ng7 31. Nc1 f5 32. Nb3 f4 33. Qe2 g5 34. Nc5 Ne6 35. Nxe6 (35. Nd3 $14) 35... Bxe6 $11 36. Rd2 h5 37. f3 g4 38. fxg4 hxg4 39. hxg4 Qg6 40. Qd1 Qxg4 41. Qxg4+ Bxg4 42. Be2 Bxe2 43. Rxe2 c5 44. g3 cxb4 45. cxb4 Rac8 46. gxf4 exf4 47. Rf1 Bd6 48. Bc5 Bxc5+ 49. bxc5 Rxc5 {[%mdl 4096] Endgame KRR-KRR} 50. Rg2+ Kf7 51. Rxf4+ Ke6 52. Rg6+ Ke5 53. Rh4 Rc2 54. Rg5+ ({Better is} 54. Rxa6 $11 Ra2 55. Rh5+ Kxe4 56. Rxb5) 54... Kd6 ({Black should play} 54... Kd4 $15 55. Rg6 Ra8 56. Rd6+ Kc5) 55. Rh6+ {The position is equal.} Re6 56. Rxe6+ Kxe6 {KR-KR} 57. Rg6+ Ke5 58. Rxa6 Kxe4 59. Rb6 Ra2 60. Rxb5 Kd4 61. Rh5 Kc4 62. Rg5 Kb4 63. Rh5 Rxa5 64. Rxa5 Kxa5 {Precision: White = 58%, Black = 57%.} 1/2-1/2

[Event "World Junior U20 Open 2018"]
[Site "Gebze"]
[Date "2018.09.07"]
[Round "4.13"]
[White "Xu, Xiangyu"]
[Black "Lorparizangeneh, Shahin"]
[Result "1/2-1/2"]
[WhiteElo "2586"]
[BlackElo "2491"]
[Annotator "TA"]
[PlyCount "61"]
[EventDate "2018.09.05"]
[EventType "swiss"]
[EventCountry "TUR"]
[SourceTitle "playchess.com"]
[Source "ChessBase"]
[SourceQuality "1"]

{[%evp 20,61,9,11,1,0,11,5,10,4,8,6,33,32,34,15,16,9,18,6,7,0,0,0,0,0,0,-19,-19,-19,-19,-19,-6,-20,-12,-16,-6,-12,-5,-5,-2,-5,-5,-96]} 1. Nf3 d5 2. d4 Nf6 3. c4 c6 4. Nc3 e6 5. g3 dxc4 6. Bg2 Nbd7 7. O-O Be7 8. a4 O-O 9. a5 {E01: Catalan: Early deviations} b5 (9... Nd5 10. Bd2 b5 11. axb6 Qxb6 12. Na4 Qd8 13. Qc2 Ba6 14. Rfd1 Bb5 15. e4 Nb4 16. Bxb4 Bxb4 17. d5 cxd5 18. Nd4 Bxa4 19. Rxa4 Bc5 20. exd5 Bxd4 21. Rxd4 {½-½ (21) Nakamura,H (2780)-Ding,L (2774) Palma de Mallorca 2017}) 10. axb6 Qxb6 11. Qa4 {LiveBook: 4 Games} Bb7 12. Qxc4 c5 13. dxc5 Qxc5 14. Qxc5 $146 ({Predecessor:} 14. Qb3 Qb4 15. Qxb4 Bxb4 16. Nb5 a5 {½-½ (59) Pakhomov,E (2396)-Maletin,P (2575) Prokopevsk 2012}) 14... Bxc5 15. Rd1 Nd5 16. Nxd5 Bxd5 17. Ne1 Nf6 {The position is equal.} 18. Nd3 Bb6 19. Bxd5 Nxd5 20. Nf4 Nxf4 21. Bxf4 Rfd8 22. Rxd8+ Rxd8 23. Be3 Bxe3 24. fxe3 $11 {[%mdl 4096] Endgame KR-KR} Rd7 25. Kf2 Kf8 26. Ra4 Rb7 27. Kf3 Rxb2 28. Rxa7 g6 29. h4 h5 30. Ra6 Kg7 31. Ke4 {Precision: White = 50%, Black = 57%.} (31. Ra5 $11) 1/2-1/2

[Event "World Junior U20 Open 2018"]
[Site "Gebze"]
[Date "2018.09.07"]
[Round "4.14"]
[White "Haria, Ravi"]
[Black "Van Foreest, Jorden"]
[Result "1/2-1/2"]
[WhiteElo "2442"]
[BlackElo "2624"]
[Annotator "TA"]
[PlyCount "155"]
[EventDate "2018.09.05"]
[EventType "swiss"]
[EventCountry "TUR"]
[SourceTitle "playchess.com"]
[Source "ChessBase"]
[SourceQuality "1"]

{[%evp 13,155,17,22,7,15,6,7,11,14,-4,-15,-10,-6,-13,-4,-2,15,11,23,15,16,16,12,19,18,0,0,0,0,0,0,0,-5,-6,-3,-6,-3,-18,-17,-50,-50,-50,-50,-54,-51,-41,-34,-75,-71,-78,-78,-78,-78,-78,-71,-78,-88,-69,-16,-29,-15,-25,-17,-33,0,-1,0,0,0,0,0,-6,-2,-6,0,0,0,0,0,0,0,-42,-42,-42,-42,-42,-42,-42,-42,-42,-42,-42,-42,-42,-10,-17,0,0,0,0,0,0,0,0,0,0,0,0,0,0,0,0,0,0,0,-42,-42,-42,-42,-42,-42,-42,0,0,0,-42,-42,-42,-42,-42,-42,-42,-42,-42,-42,-42,0,0,0,0,0,0,0,0]} 1. Nf3 d5 2. g3 Nc6 3. d4 Bf5 4. Bg2 Nb4 5. Na3 e6 6. O-O Be7 7. c3 {[%cal Bc2c3,Bc3c4][%mdl 32] D02: 1 d4 d5 2 Nf3 sidelines, including 2...Nf6 3 g3 and 2...Nf6 3 Bf4} Nc6 {LiveBook: 9 Games} 8. Qb3 Rb8 9. c4 $146 ({Predecessor:} 9. Qa4 Nf6 10. b4 Nd7 11. Nd2 O-O 12. e4 Nb6 13. Qb3 Bg6 14. Nc2 a5 {½-½ (52) Meier,G (2655)-Nisipeanu,L (2672) Germany 2018}) 9... Nf6 10. Rd1 O-O 11. Bd2 Be4 12. Be1 Bxa3 13. bxa3 dxc4 14. Qxc4 Qd5 15. Qxd5 Bxd5 16. Ne5 Bxg2 17. Kxg2 Nxe5 18. dxe5 Nd5 19. e4 Nb6 20. Rac1 Rfc8 21. Ba5 Kf8 22. Bxb6 axb6 $11 {[%mdl 4096] Endgame KRR-KRR} 23. Rd7 c6 24. a4 Ke8 25. Rd3 (25. Rd4 {looks sharper.} Ra8 26. Rb4 Kd8 27. Rxb6 Kc7 28. Rb4) 25... Ra8 26. Rb3 Rxa4 27. Rxb6 Rc7 28. Rcb1 $1 Ra7 29. a4 Kd7 30. R1b4 Kc8 31. Kf1 Rd7 32. Ke2 Ra5 33. f4 Rc5 34. Rb2 Rc4 35. R6b4 Rxb4 (35... Rcd4 $15) 36. Rxb4 $15 {KR-KR} Kc7 37. a5 $1 Rd8 38. Rc4 Rd7 39. g4 b6 40. axb6+ $1 Kxb6 41. Rc1 c5 42. Ke3 Kb5 43. Rb1+ Ka4 44. Rc1 Kb4 45. Rb1+ Ka3 46. Rc1 Rc7 47. Kd3 Kb2 $1 {[%cal Rb2c1]} 48. Rc2+ Kb3 49. Rc3+ Kb4 {And now ...c4+ would win.} 50. Rc4+ Kb5 51. Rc1 c4+ 52. Kc3 Ra7 53. Rd1 Kc5 54. f5 Ra3+ 55. Kc2 Re3 (55... Ra2+ {is interesting.} 56. Kc3 Ra7 57. Rd8 Ra3+ 58. Kc2 exf5 59. gxf5 Ra7) 56. Rd7 Rxe4 57. Rxf7 exf5 58. gxf5 Rxe5 59. Rxg7 Re2+ 60. Kc3 Rxh2 61. f6 Rh3+ 62. Kc2 h6 63. f7 Rf3 {Threatening ...Kb4.} 64. Rg6 h5 65. Rg5+ Kb4 {[#] White must now prevent ...h4.} 66. Rxh5 Rf2+ 67. Kb1 Kb3 {[%cal Rf2f1]} 68. Rb5+ Kc3 {...Rf1+ is the strong threat.} 69. Rh5 Rf1+ (69... Rxf7 $5 70. Rh3+ $8 Kd2 $11) 70. Ka2 Rxf7 71. Rh3+ $1 Kb4 72. Kb2 Rf2+ 73. Kb1 Rd2 (73... Rg2 {is more complex.} 74. Kc1 Rg1+ 75. Kc2 Rg8 76. Kb2 Rg5) 74. Kc1 Rd3 75. Rxd3 {The position is equal.} cxd3 76. Kd2 Kc4 77. Kd1 d2 (77... Kc3 $5 78. Kc1 $8 Kd4 $11) 78. Kxd2 {Precision: White = 74%, Black = 79%.} 1/2-1/2

[Event "World Junior U20 Open 2018"]
[Site "Gebze"]
[Date "2018.09.07"]
[Round "4.15"]
[White "Martirosyan, Haik M"]
[Black "Mohammad Nubairshah Shaikh"]
[Result "1-0"]
[WhiteElo "2597"]
[BlackElo "2443"]
[Annotator "TA"]
[PlyCount "145"]
[EventDate "2018.09.05"]
[EventType "swiss"]
[EventCountry "TUR"]
[SourceTitle "playchess.com"]
[Source "ChessBase"]
[SourceQuality "1"]

{[%evp 37,145,27,26,19,37,24,40,34,41,23,34,27,41,12,20,0,31,31,39,26,44,51,50,53,49,25,34,15,20,16,58,45,66,7,43,37,37,37,50,17,26,20,21,21,26,26,33,33,27,29,33,33,33,33,33,33,84,74,83,81,83,70,75,84,119,116,174,170,167,164,172,169,208,221,656,627,2438,2256,29948,10475,29960,29962,29957,29959,6552,11302,6432,6338,5506,2769,29967,29968,29966,29965,29958,29971,29972,29973,29973,29974,29973,29972,29970,29960,29983,29984,29982,29983,29997,29998]} 1. d4 d5 2. c4 c6 3. Nf3 Nf6 4. Nc3 dxc4 5. a4 Bf5 {[%cal Bc8f5,Bf5g6,Bg6h5][%mdl 32]} 6. e3 e6 7. Bxc4 Bb4 8. O-O O-O 9. Qe2 Nbd7 10. e4 Bg6 11. Bd3 Bh5 12. e5 Nd5 13. Nxd5 cxd5 14. Qe3 Be7 15. Ng5 {D19: Slav Defence: 5 a4 Bf5 6 e3: Main line with 9 Qe2} Bxg5 16. Qxg5 Qxg5 (16... Bg6 17. Qxd8 Rfxd8 18. Be2 Nb8 19. Be3 Nc6 20. Rfc1 Rdc8 21. Rc3 Nb4 22. Raa3 a5 {½-½ (38) Radjabov,T (2748)-Mamedov,R (2704) Shamkir 2018}) 17. Bxg5 Nb8 18. Bd2 Nc6 19. Bc3 Bg6 {LiveBook: 3 Games} 20. Be2 Rac8 21. a5 {[#]} a6 $146 ({Predecessor:} 21... Rc7 22. Rfe1 Rfc8 {½-½ (35) Cori Tello,J (2549)-Mastrovasilis,D (2608) Tromsoe 2014}) 22. Rfe1 Rc7 23. Bf1 Rfc8 24. Ra3 Bc2 25. Rc1 Bg6 26. Re1 Bc2 27. h3 h6 28. Kh2 Kf8 29. g4 Ke8 30. Kg3 Kd7 31. f3 Ke8 32. Kf2 Kd7 33. Ke3 Rh8 34. Rc1 Bg6 35. Raa1 ({Better is} 35. h4 $14) 35... Rhc8 36. Bd2 Na7 37. Rc3 h5 38. Be2 hxg4 39. hxg4 Rxc3+ 40. Bxc3 Rh8 41. Bb4 Nc6 42. Bc5 f6 43. exf6 gxf6 44. b4 {[%cal Bb2b4,Bb4b5][%mdl 32]} e5 $1 45. b5 exd4+ 46. Kf4 d3 ({Black should play} 46... axb5 $14 47. Bxb5 d3) 47. bxc6+ $16 Kxc6 48. Bxd3 $1 Bxd3 {[%mdl 4096] Endgame KRB-KRB} 49. Bd4 Rh6 50. Ra3 {[%mdl 1024] White has strong compensation.} Be2 51. Rb3 Kc7 {[#]} (51... Rh3 $16 52. Bxf6 Kc5) 52. Re3 $1 $18 {[%cal Re3e2]} Bd1 {[#]} 53. Re1 $1 {[%cal Re1d1]} Ba4 54. Re6 Kd7 55. Rxf6 Rxf6+ $2 (55... Rh2 56. Rf7+ Kc6) 56. Bxf6 {KB-KB} d4 57. Bxd4 Bd1 58. Kg3 Ke6 59. f4 {[%cal Bf3f4,Bf4f5][%mdl 32]} Kd5 60. Bb6 Ke4 61. Bc7 Ba4 62. Kh4 Kd5 63. Kg5 Ke6 64. f5+ {White mates.} Kf7 65. Kf4 Bb3 66. g5 Kg7 67. Be5+ Kh7 68. Bd4 Ba4 69. Ke5 Kg7 70. Ke6+ Kh7 71. Kf7 Bb3+ 72. Kf8 Bd5 73. Bg7 {Precision: White = 67%, Black = 35%.} 1-0

[Event "World Junior U20 Open 2018"]
[Site "Gebze"]
[Date "2018.09.07"]
[Round "4.16"]
[White "Ozen, Deniz"]
[Black "Esipenko, Andrey"]
[Result "0-1"]
[WhiteElo "2431"]
[BlackElo "2593"]
[Annotator "TA"]
[PlyCount "114"]
[EventDate "2018.09.05"]
[EventType "swiss"]
[EventCountry "TUR"]
[SourceTitle "playchess.com"]
[Source "ChessBase"]
[SourceQuality "1"]

{[%evp 20,114,24,0,0,0,0,0,11,0,-12,-29,-30,-34,-44,-30,0,0,0,0,0,-50,-58,-238,-234,-236,-222,-278,-258,-247,-130,-128,-152,-156,-129,-136,-95,-101,-110,-118,-132,-182,-175,-237,-234,-216,-197,-234,-211,-184,-162,-240,-245,-733,-720,-652,-437,-410,-379,-376,-373,-360,-253,-361,-361,-361,-361,-457,-402,-558,-520,-539,-551,-515,-495,-1102,-1089,-884,-856,-1062,-797,-5183,-6046,-5081,-2175,-29968,-29974,-29969,-29969,-29983,-29984,-29984,-29985,-29985,-29986,-29989,-29990]} 1. e4 e5 2. Nf3 Nc6 3. Bb5 g6 4. O-O Bg7 5. c3 a6 6. Ba4 d6 7. h3 b5 {C60: Spanische Partie} 8. Bb3 Nge7 9. d4 exd4 10. cxd4 O-O 11. a3 {LiveBook: 5 Partien} (11. Re1 Na5 12. Bc2 c5 13. Nc3 cxd4 14. Nxd4 {0-1 (27) Najer,E (2679)-Grischuk,A (2737) Doha 2016}) 11... Na5 12. Ba2 c5 13. Nc3 c4 $146 ({Vorgänger:} 13... cxd4 14. Nxd4 Nc4 15. Bxc4 bxc4 16. Bg5 {1-0 (58) Machalova,V (2247)-Krivec,J (2259) Baku 2016}) 14. d5 f5 15. exf5 Nxf5 16. Re1 h6 17. Ne2 Nb7 18. Nf4 Qf6 19. Bb1 Nc5 20. Bc2 Qf7 21. g4 $2 {[#]} (21. Rb1 $15) 21... g5 $1 $19 {[%cal Rg5f4]} 22. gxf5 Bxf5 (22... gxf4 23. Nh4 $11) 23. Ne6 Bxc2 ({Weniger gut wäre} 23... Bxe6 24. dxe6 Qxf3 25. Qxf3 $17) 24. Qxc2 Nxe6 (24... Qxf3 $19 25. Re3 Qf5 26. Qxf5 Rxf5 27. Nxg7 Kxg7) 25. dxe6 $17 Qxf3 26. e7 Rfe8 {Weiss muss nun ...Ta7 beachten.} 27. a4 Qf7 {Droht stark ...b4.} 28. axb5 axb5 29. Rxa8 Rxa8 30. Qe4 Re8 31. Qb7 (31. h4 $142) 31... Be5 $19 32. Qxb5 Rxe7 33. Rd1 Rb7 34. Qc6 Kg7 ({Schlechter ist} 34... Bxb2 35. Rxd6 Be5 36. Rxh6 $11) 35. Kg2 (35. Qe4 $142) 35... Rb3 $40 {[%mdl 128] Schwarz geht auf den König.} 36. Rxd6 $2 (36. Re1) 36... Bxd6 37. Qxd6 {[%mdl 4096] Endspiel KDT-KDL} Kh7 38. Qe5 Rd3 {( -> ...Df3+)} ({Jedoch nicht} 38... Qf3+ 39. Kg1 $19) 39. Qe4+ Kg8 40. f3 Rb3 41. Qa8+ (41. Kf2 {war die einzige Chance.}) 41... Kg7 42. Qe4 Rb7 43. Be3 Rxb2+ 44. Kg1 {Und Ld4+ würde nun gewinnen.} Rb7 45. Bd4+ Kg8 46. Qc6 Rd7 47. Qc8+ (47. Qa8+ $142 Kh7 48. Qe4+ Qg6 49. Qe5) 47... Kh7 48. Qh8+ Kg6 49. Kg2 Rd5 50. h4 gxh4 {[%cal Bg5h4,Bh4h3][%mdl 32]} 51. Be3 {[#]} h3+ $1 52. Kg3 (52. Kxh3 Qxf3+) 52... Rh5 {Schwarz setzt Matt.} 53. Kh2 Qe6 54. Qf8 Qxe3 55. Qg8+ Kf6 56. Qf8+ Ke5 57. Qe7+ Kd4 {Precision: Weiß = 35%, Schwarz = 73%.} 0-1

[Event "World Junior U20 Open 2018"]
[Site "Gebze"]
[Date "2018.09.07"]
[Round "4.17"]
[White "Petrosyan, Manuel"]
[Black "Garayev, Kanan"]
[Result "1-0"]
[WhiteElo "2581"]
[BlackElo "2404"]
[Annotator "TA"]
[PlyCount "85"]
[EventDate "2018.09.05"]
[EventType "swiss"]
[EventCountry "TUR"]
[SourceTitle "playchess.com"]
[Source "ChessBase"]
[SourceQuality "1"]

{[%evp 14,85,27,35,63,54,45,56,69,43,51,51,79,67,68,56,58,55,55,50,68,57,69,60,62,52,61,37,83,68,76,56,58,58,94,89,94,85,89,104,104,99,97,68,60,0,81,62,70,75,70,69,110,109,144,127,151,141,164,155,152,25,156,159,287,275,274,132,124,0,259,160,167,148]} 1. d4 Nf6 2. c4 e6 3. Nf3 d5 4. Nc3 Bb4 5. Qa4+ Nc6 6. e3 Bd7 {D38: Queen's Gambit Declined: Ragozin Defence (4 Nf3 Bb4)} 7. Qc2 dxc4 8. Bxc4 {LiveBook: 4 Games} Qe7 {White is slightly better.} 9. Bd2 O-O 10. O-O e5 $146 ({Predecessor:} 10... h6 11. a3 Bd6 12. Rfe1 e5 13. Nd5 Nxd5 14. Bxd5 exd4 15. exd4 Qf6 16. Bc3 Rae8 17. Bxc6 bxc6 18. Ne5 {½-½ (18) Zakharov,A (2402)-Lastin,A (2650) Belorechensk 2009}) 11. d5 Nb8 12. e4 c6 13. Bg5 h6 14. dxc6 Bxc6 15. Bxf6 Qxf6 16. Nd5 Bxd5 $1 17. Bxd5 Nc6 18. Bxc6 bxc6 19. Rac1 Rfc8 20. Rfd1 Rd8 21. a3 Bf8 22. Qc3 Rxd1+ 23. Rxd1 Rd8 24. Rxd8 Qxd8 25. g3 $1 Qd1+ 26. Kg2 Qe2 27. Qxe5 ({Don't play} 27. Qxc6 Qxb2 28. a4 f6 $11) 27... Qc2 28. b4 c5 29. b5 (29. bxc5 $14 Bxc5 30. Nd4) 29... Qb3 (29... c4 $1 $11) 30. Qd5 Qxb5 31. Ne5 Qe8 32. h4 $36 {[%cal Bh2h4,Bh4h5][%mdl 2080] White is pushing.} Qe7 33. h5 Qc7 34. f4 Bd6 {Black wants to play ...Bxe5.} 35. Nc4 Be7 36. e5 Bf8 37. f5 (37. Kf2 $16) 37... Qe7 {[#]} (37... Qb8 $1 $11) 38. e6 $1 $16 fxe6 (38... Qf6 $16 {keeps fighting.}) 39. fxe6 $18 Kh7 {[#]} 40. Qf5+ (40. Ne5 $1 $18 {and the rest is easy.}) 40... Kg8 $16 41. Qd5 (41. Ne3 $16) 41... Kh7 $1 $18 42. g4 Qc7 43. Kf3 {Precision: White = 50%, Black = 41%.} 1-0

[Event "World Junior U20 Open 2018"]
[Site "Gebze"]
[Date "2018.09.07"]
[Round "4.18"]
[White "Tabatabaei, M amin"]
[Black "Lagunow, Raphael"]
[Result "1-0"]
[WhiteElo "2576"]
[BlackElo "2403"]
[Annotator "TA"]
[PlyCount "57"]
[EventDate "2018.09.05"]
[EventType "swiss"]
[EventCountry "TUR"]
[SourceTitle "playchess.com"]
[Source "ChessBase"]
[SourceQuality "1"]

{[%evp 13,57,20,43,29,19,19,22,16,38,12,0,-29,-36,-17,-34,-42,26,28,92,105,111,105,180,180,170,173,200,189,176,175,162,173,366,356,367,368,330,309,317,319,333,194,195,203,204,196]} 1. c4 Nf6 2. Nc3 c5 3. Nf3 Nc6 4. g3 d5 5. d4 e6 6. cxd5 Nxd5 7. Bg2 Nb6 {[%cal Rc5d4] LiveBook: 14 Partien. D41: Damengambit (Verbesserte Tarrasch-Verteidigung)} (7... cxd4 8. Nxd4 Nxc3 9. bxc3 Nxd4 10. Qxd4 Qxd4 11. cxd4 Bd6 12. a4 Rb8 13. Ba3 Ke7 14. Bxd6+ Kxd6 15. Kd2 Bd7 16. Rhc1 Rhc8 17. a5 Rxc1 18. Rxc1 b6 19. axb6 Rxb6 20. Ra1 Rb2+ 21. Kd1 Rb4 22. Ra6+ Ke7 23. Rxa7 Rxd4+ 24. Ke1 Ra4 25. Rxa4 Bxa4 {½-½ (25) Wojtaszek,R (2745)-Karjakin,S (2783) Shamkir 2017}) 8. Be3 Nc4 9. O-O Nxe3 {Die Stellung ist ausgeglichen.} 10. fxe3 Be7 11. Rc1 O-O 12. Ne4 $146 ({Vorgänger:} 12. Na4 cxd4 13. exd4 Bf6 14. e3 e5 {1-0 (31) Bofill Mas,A (2386)-Rogers,I (2569) Vlissingen 2005}) 12... cxd4 13. exd4 Qb6 14. Rf2 Rd8 (14... Qxb2 $15 15. e3 Qa3) 15. e3 $11 h6 (15... f6 $11) 16. Rxc6 $16 Qxc6 17. Ne5 $1 {[%csl LRc6,LRf7]} Qc7 (17... Qb5 $16 {ist eine bessere Verteidigung.} 18. Qh5 (18. Nxf7 Rf8 $16) (18. Rxf7 Qxe5 19. Rxe7 Qf5 $14) 18... Rf8) 18. Qh5 $36 {[%mdl 2048] Läuft bei Weiss.} ({Viel schwächer ist} 18. Rxf7 $6 Qxe5 19. Rxe7 Qa5 $16) ({Keinesfalls} 18. Nxf7 $6 Rf8 $14) 18... Rf8 {[#] Droht stark ...Ld7.} 19. Rxf7 Qc1+ 20. Bf1 {Weiss will mit Sf6+! Matt setzen.} Qxe3+ 21. Nf2 {Und weiter mit Txf8+ wäre nett.} Bd7 {Droht ...Le8 und aus.} 22. Qg6 {[%csl Gf7][%cal Rg6g7] [#]} Bf6 $2 (22... Qxe5 23. Rxf8+ (23. dxe5 Rxf7 24. Ne4 Rf5 $11) 23... Rxf8 24. dxe5 Bc5) 23. Neg4 Qg5 24. Nxf6+ Qxf6 25. Rxf6 Rxf6 26. Qe4 Bc6 27. Qe3 (27. Qc2 $142 Raf8 28. Bh3 Rxf2 29. Bxe6+ R2f7 30. Qb3) 27... Raf8 28. Bc4 Rxf2 29. Bxe6+ {Precision: Weiß = 70%, Schwarz = 41%.} 1-0